Gubernie Królestwa Kongresowego z mapą - Statystyki

Ogólne statystyki
  • Ten quiz został rozwiązany 2 420 razy
  • Średni wynik to 7 z 10
Odpowiedzi na mapie
Odpowiedzi zakodowano w zielono-czerwonej skali na mapie do tego quizu, zgodnie z poniższymi procentami.
 
Statystyki odpowiedzi
Gubernia % Poprawnych
warszawska
99%
lubelska
82%
radomska
79%
kielecka
76%
płocka
72%
suwalska
63%
siedlecka
53%
kaliska
49%
piotrkowska
43%
łomżyńska
42%
Nie znaleziono quizów pasujących do podanych kryteriów
Rozkład punktacji
Procent ludzi z każdym wynikiem
Percentyl według liczby udzielonych odpowiedzi
Twoja historia wyników
Nie rozwiązałeś tego quizu